Biblioteca

Utopía, ética y esperanza : (Registro nro. 43812)

Detalles MARC
000 -LÍDER
Campo fijo de descripción fija 01174aam a2200349 i 4500
001 - NÚMERO DE CONTROL
Campo de control 768714001
003 - IDENTIFICADOR DEL NÚMERO DE CONTROL
Campo de control CO-MdFUSB
005 - FECHA Y HORA DE LA ULTIMA TRANSACCIÓN
control field 20240808171538.0
007 - CAMPO FIJO DE DESCRIPCIÓN FIJA--INFORMACIÓN GENERAL
Campo fijo de descripción fija ta
008 - ELEMENTOS DE LONGITUD FIJA -- INFORMACIÓN GENERAL
Campo fijo de descripción fija -- Información general 240808t2006 sp |||| |||| 00| 0 spa d
020 ## - NÚMERO INTERNACIONAL NORMALIZADO PARA LIBROS
Número Internacional Normalizado del libro 978-84-8267-505-3
040 ## - FUENTE DE CATALOGACIÓN
Agencia que realiza la transcripción CO-MdFUSB
041 ## - CÓDIGO DE IDIOMA
Código de idioma para texto/pista de sonido o título separado spa
082 04 - NÚMERO DE CLASIFICACIÓN DECIMAL DEWEY
Número de clasificación 190
Número de la edición del Dewey 23
Clave de autor-Numero de item M912u
100 1# - ASIENTO PRINCIPAL--NOMBRE PERSONAL
Nombre personal Mosquera Brand, Fernando A. (Abilio)
Término relacionador autor
245 10 - TÍTULO
Título del Material Utopía, ética y esperanza :
Parte restante del título - Subtitulo ciudadanía y reino de Dios
Mención de responsabilidad, etc. / F. A. Mosquera , J. C. Uhía
264 #1 - PRODUCCIÓN, PUBLICACIÓN, DISTRIBUCIÓN, MANUFACTURA, Y COPYRIGHT
Nombre del productor, publicador, distribuidor Clie,
Lugar de producción, publicación, distribución, manufactura Barcelona, España :
Fecha de producción, publicación, distribución, manufactura, o copyright [2006]
264 #4 - PRODUCCIÓN, PUBLICACIÓN, DISTRIBUCIÓN, MANUFACTURA, Y COPYRIGHT
Fecha de producción, publicación, distribución, manufactura, o copyright ©2006
300 ## - DESCRIPCIÓN FÍSICA
Extensión 194 páginas
Dimensiones ; 21 cm
336 ## - TIPO DE CONTENIDO
Término de tipo de contenido texto
Código de tipo de contenido txt
Fuente rdacontent
337 ## - TIPO DE MEDIO
Fuente rdamedia
Nombre del tipo de medio sin mediación
Código del tipo de medio n
338 ## - TIPO DE SOPORTE
Fuente rdacarrier
Nombre del tipo de soporte volumen
Código Tipo de soporte nc
490 ## - MENCIÓN DE SERIE
Mención de serie Colección Pensamiento Cristiano
505 ## - NOTA DE CONTENIDO
Nota de contenido con formato preestablecido Una utopía del carácter -- La visión del horizonte ecológico -- La utopía una discusión del mundo posible -- Discurso sobre utopía y esperanza - Construcción de ciudadanía en la postmodernidad.
563 ## - NOTA DE ENCUADERNACIÓN
Nota de encuadernación Rústico
653 ## - TÉRMINO DE INDIZACIÓN - NO CONTROLADO
Término no controlado Utopías
653 ## - TÉRMINO DE INDIZACIÓN - NO CONTROLADO
Término no controlado Ética
653 ## - TÉRMINO DE INDIZACIÓN - NO CONTROLADO
Término no controlado Esperanza
700 ## - ASIENTO SECUNDARIO - NOMBRE PERSONAL
Nombre personal Uhía, Juan Carlos,
9 (RLIN) 10488
Responsabilidad autor
942 ## - TIPO DE MATERIAL (KOHA)
Tipo de Item KOHA Libros General
945 ## - INFORMACIÓN LOCAL DEL REGISTRO
Catalogador JTF-925
Existencias
Estado de Material Estado de Perdido Forma de Clasificación Estado de Dañado No para Préstamo Colección Tomo Biblioteca de Origen Biblioteca Permanente Fecha de Adquisición Total de Préstamos Total de Renovaciones Signatura Topográfica Código de Barras Última vez visto Última vez Préstado Ejemplar/Existencia Fecha de Remplazo Tipo de Material Área
    Dewey Decimal Classification     Colección General   Biblioteca FUSBC Biblioteca FUSBC 15/06/2010 15 12 G 190 M912u 17211 11/02/2020 05/02/2020 Ej. 1 26/01/2016 Libros General  
    Dewey Decimal Classification     Colección General   Biblioteca FUSBC Biblioteca FUSBC 24/03/2011 2   G 190 M912u 17213 12/12/2019 11/10/2016 Ej. 3 26/01/2016 Libros Patrimoniales  
    Dewey Decimal Classification     Colección General   Biblioteca FUSBC Biblioteca FUSBC 24/03/2011 3   G 190 M912u 17212 12/12/2019 09/10/2017 Ej. 2 26/01/2016 Libros General  
    Dewey Decimal Classification     Colección General   Biblioteca FUSBC Biblioteca FUSBC 08/08/2024     G 190 M912u 23701 08/08/2024   Ej. 4 26/01/2016 Libros General FILOSOFIA

Biblioteca FUSBC | Teléfono: (57+4) 349 88 10 Ext. 141| WhatsApp (+57) 3005338115 
E-mail: biblioteca@unisbc.edu.co | Calle 76 87-14 Robledo Palenque, Medellín, Colombia

Con tecnología Koha